[Event "6th Chinese Master Rapid"]
[Site "Shenzhen CHN"]
[Date "2016.11.28"]
[EventDate "2016.11.27"]
[Round "6.1"]
[Result "1/2-1/2"]
[White "Bu Xiangzhi"]
[Black "Zhou Jianchao"]
[WhiteElo "2698"]
[BlackElo "2635"]
[PlyCount "265"]

1. Nf3 Nf6 2. c4 e6 3. Nc3 Bb4 4. Qc2 c5 5. a3 Ba5 6. e3 Nc6
7. Be2 e5 8. O-O O-O 9. b3 Re8 10. Bb2 d6 11. Rad1 Bg4 12. d3
h6 13. Ne4 Nxe4 14. dxe4 Qe7 15. h3 Be6 16. Nd2 a6 17. f4 exf4
18. exf4 Bf5 19. exf5 Qxe2 20. Rf2 Qe3 21. Nf1 Qe4 22. Qxe4
Rxe4 23. Rxd6 Be1 24. Rc2 Rae8 25. f6 Re2 26. Rxe2 Rxe2
27. Be5 Nxe5 28. fxe5 Bf2+ 29. Kh1 Bd4 30. g4 Bxe5 31. Rd8+
Kh7 32. fxg7 Kxg7 33. Rd2 Re4 34. Kg2 Kf6 35. Rd7 b5 36. Ra7
bxc4 37. bxc4 Rxc4 38. Rxa6+ Kg5 39. Ne3 Rc3 40. h4+ Kxh4
41. Rxh6+ Kg5 42. Rh5+ Kf4 43. Nd5+ Kxg4 44. Rxe5 Rxa3
45. Nf6+ Kf4 46. Rxc5 Ra2+ 47. Kh3 Ra3+ 48. Kh4 Ra1 49. Nh5+
Ke4 50. Ng3+ Kd4 51. Rc7 f6 52. Kg4 Ra5 53. Kf4 Re5 54. Rc6
Kd5 55. Rxf6 Re6 56. Rf8 Re7 57. Rd8+ Kc6 58. Nf5 Rd7 59. Rc8+
Kb7 60. Rc2 Rc7 61. Rb2+ Kc6 62. Ke5 Rd7 63. Nd4+ Kc5 64. Rc2+
Kb4 65. Ke4 Rh7 66. Nf3 Kb3 67. Rc8 Kb4 68. Ne5 Rh4+ 69. Kd5
Rh5 70. Rc4+ Kb3 71. Re4 Kc3 72. Re2 Kb3 73. Kd4 Rh4+ 74. Kc5
Rh5 75. Re3+ Kc2 76. Kb4 Rh8 77. Re2+ Kd1 78. Ra2 Rc8 79. Nc4
Ke1 80. Kc3 Re8 81. Kd3 Rd8+ 82. Ke4 Re8+ 83. Ne5 Kd1 84. Rh2
Ke1 85. Kd4 Rd8+ 86. Ke3 Kd1 87. Nc6 Re8+ 88. Kd3 Ke1 89. Ra2
Kf1 90. Rb2 Ke1 91. Nd4 Rd8 92. Rb6 Kf2 93. Rg6 Re8 94. Ne6
Kf3 95. Rf6+ Kg4 96. Ke4 Kg3 97. Rh6 Ra8 98. Rg6+ Kf2 99. Rf6+
Kg3 100. Nc5 Re8+ 101. Kd3 Kg4 102. Ne4 Ra8 103. Nc5 Kg5
104. Rf1 Re8 105. Kd4 Kg4 106. Rf7 Re1 107. Nd3 Ra1 108. Nf2+
Kg5 109. Ne4+ Kg4 110. Nc3 Re1 111. Rf8 Re7 112. Nd5 Re1
113. Nf6+ Kg5 114. Ne4+ Kg6 115. Ke5 Ra1 116. Rf6+ Kg7
117. Rf4 Re1 118. Ke6 Kg6 119. Rg4+ Kh5 120. Rf4 Kg6 121. Rh4
Rg1 122. Rh2 Rg4 123. Nf6 Rg1 124. Nd7 Re1+ 125. Ne5+ Kg5
126. Rf2 Ra1 127. Rf5+ Kh4 128. Rf4+ Kg3 129. Kf5 Ra5
130. Rf3+ Kg2 131. Rc3 Kf2 132. Kf4 Ra4+ 133. Nc4 1/2-1/2

[Event "6th Chinese Master Rapid"]
[Site "Shenzhen CHN"]
[Date "2016.11.29"]
[EventDate "2016.11.27"]
[Round "7.1"]
[Result "1-0"]
[White "Yu Yangyi"]
[Black "Bu Xiangzhi"]
[WhiteElo "2721"]
[BlackElo "2698"]
[PlyCount "75"]

1. e4 e5 2. Nf3 Nc6 3. Bb5 a6 4. Ba4 Nf6 5. O-O b5 6. Bb3 Bb7
7. Re1 Bc5 8. c3 d6 9. d4 Bb6 10. Be3 O-O 11. d5 Ne7 12. Bxb6
cxb6 13. Nbd2 Nd7 14. Bc2 h6 15. Nf1 f5 16. exf5 Nxf5 17. N3d2
Nc5 18. b4 Na4 19. Bxf5 Rxf5 20. Ne3 Rf7 21. Ne4 Rc8 22. Qd2
Rcc7 23. Rac1 Bc8 24. c4 Bb7 25. cxb5 axb5 26. Rxc7 Qxc7
27. Rc1 Qd7 28. h3 Rf8 29. Rc2 Rf7 30. Qc1 Qd8 31. f3 Kh8
32. Kh2 Kg8 33. Qe1 Kh7 34. Qg3 Rf4 35. a3 Qd7 36. Kg1 Qd8
37. h4 Kh8 38. Qg6 1-0

[Event "World Blitz Championship"]
[Site "Doha QAT"]
[Date "2016.12.30"]
[EventDate "2016.12.29"]
[Round "20.16"]
[Result "1-0"]
[White "Bu Xiangzhi"]
[Black "Nikita Vitiugov"]
[WhiteElo "2705"]
[BlackElo "2726"]
[PlyCount "41"]

1. Nf3 d5 2. d4 Nf6 3. c4 e6 4. Nc3 a6 5. cxd5 exd5 6. Bf4 Bd6
7. Bg3 O-O 8. e3 Bf5 9. Qb3 Bxg3 10. hxg3 b6 11. Be2 Qd6
12. Ne5 h6 13. g4 Bh7 14. Bf3 Rd8 15. g5 hxg5 16. Rxh7 Kxh7
17. Nxf7 Qh2 18. Qc2+ Kg8 19. Nxd8 Qg1+ 20. Ke2 Qxa1 21. Nxd5
1-0

[Event "World Blitz Championship"]
[Site "Doha QAT"]
[Date "2016.12.30"]
[EventDate "2016.12.29"]
[Round "21.16"]
[Result "1/2-1/2"]
[White "Arkadij Naiditsch"]
[Black "Bu Xiangzhi"]
[WhiteElo "2687"]
[BlackElo "2705"]
[PlyCount "140"]

1. e4 e5 2. Nf3 Nc6 3. Nc3 Nf6 4. Bb5 Nd4 5. Bc4 d6 6. Nxd4
exd4 7. Nd5 Nxd5 8. Bxd5 c6 9. Bb3 g6 10. O-O Bg7 11. d3 O-O
12. f4 a5 13. a4 Be6 14. Bxe6 fxe6 15. Bd2 c5 16. Qg4 Qd7
17. h4 b6 18. h5 Qf7 19. hxg6 Qxg6 20. Qh3 Qh6 21. Qg3 Qg6
22. Rf3 Qxg3 23. Rxg3 Kh8 24. Rh3 d5 25. Re1 dxe4 26. Rxe4 Rf6
27. g4 Kg8 28. Kg2 h6 29. Rh5 Kf7 30. Be1 Rg6 31. Kf3 Rf8
32. Bg3 Rc8 33. b3 Rf8 34. f5 exf5 35. Rxf5+ Kg8 36. Re7 h5
37. Rxf8+ Kxf8 38. Rb7 hxg4+ 39. Kf4 Kg8 40. Kf5 Kh7 41. Rd7
Kh6 42. Rf7 Kh5 43. Rb7 Rg5+ 44. Ke4 Rg6 45. Kf5 Rg5+ 46. Ke4
Rg6 47. Kf4 Rf6+ 48. Ke4 Rf3 49. Bf4 Bh6 50. Bxh6 Kxh6
51. Rxb6+ Kg5 52. Rb5 Rf5 53. Rxa5 g3 54. Ra8 Rf4+ 55. Kd5 Rg4
56. Rg8+ Kf4 57. Rf8+ Ke3 58. Rf1 Rg5+ 59. Kc6 Kd2 60. a5 Kxc2
61. a6 Kxd3 62. a7 Rg8 63. Kxc5 Ke2 64. Rg1 Ra8 65. Rxg3 d3
66. Rg2+ Kf3 67. Rd2 Ke3 68. Rxd3+ Kxd3 69. Kb6 Kc3 70. Kb7
Rxa7+ 1/2-1/2

[Event "2nd CHN-IND Summit"]
[Site "Liaocheng CHN"]
[Date "2017.03.05"]
[EventDate "2017.03.05"]
[Round "1.1"]
[Result "1/2-1/2"]
[White "Surya Shekhar Ganguly"]
[Black "Bu Xiangzhi"]
[WhiteElo "2644"]
[BlackElo "2711"]
[PlyCount "75"]

1. Nf3 Nf6 2. g3 d5 3. Bg2 g6 4. O-O Bg7 5. d4 O-O 6. c4 c6
7. b3 Ne4 8. Bb2 Bf5 9. e3 a5 10. Nc3 Nxc3 11. Bxc3 Be4
12. Qe2 e6 13. Rfd1 Nd7 14. Bf1 Bxf3 15. Qxf3 Nc5 16. Be1 Ne4
17. a4 f5 18. Qe2 Rf7 19. Bg2 Bf8 20. f3 Nf6 21. Bc3 Bb4
22. Bb2 Qe7 23. e4 fxe4 24. fxe4 Nxe4 25. Bxe4 dxe4 26. Qxe4
Raf8 27. Rf1 e5 28. dxe5 Bc5+ 29. Bd4 Rf5 30. Rae1 Qxe5
31. Qxe5 Rxe5 32. Bxc5 Rxc5 33. Re7 b5 34. cxb5 Rxf1+ 35. Kxf1
cxb5 36. axb5 Rxb5 37. Ra7 Rxb3 38. Rxa5 1/2-1/2

[Event "2nd CHN-IND Summit"]
[Site "Liaocheng CHN"]
[Date "2017.03.06"]
[EventDate "2017.03.05"]
[Round "2.2"]
[Result "1/2-1/2"]
[White "Bu Xiangzhi"]
[Black "Sethuraman P Sethuraman"]
[WhiteElo "2711"]
[BlackElo "2629"]
[PlyCount "95"]

1. d4 d5 2. c4 e6 3. Nf3 Nf6 4. e3 a6 5. b3 c5 6. Bb2 Nc6
7. Nbd2 cxd4 8. exd4 g6 9. Bd3 Bg7 10. O-O O-O 11. Rc1 dxc4
12. bxc4 b5 13. Ne4 bxc4 14. Rxc4 Na5 15. Rc5 Nxe4 16. Bxe4
Bb7 17. Qe2 Bxe4 18. Qxe4 Rc8 19. Ba3 Re8 20. Rb1 Rxc5
21. dxc5 Qc7 22. Rb6 Rb8 23. g3 Rc8 24. Rxa6 Qb7 25. Qxb7 Nxb7
26. c6 Nd8 27. c7 Rxc7 28. Ra8 Bf6 29. Nd2 Rd7 30. Ne4 Be5
31. Bd6 Ba1 32. Rc8 Kg7 33. a4 f5 34. Rc7 Rxc7 35. Bxc7 Nb7
36. Ng5 Nc5 37. a5 Na6 38. Bd6 Kf6 39. Nxh7+ Kf7 40. Ng5+ Kf6
41. f4 Bc3 42. Nf3 Bxa5 43. Be5+ Ke7 44. Bd4 Bc7 45. Kg2 Nb8
46. Kh3 Nc6 47. Bb2 Ke8 48. Nh4 1/2-1/2

[Event "2nd CHN-IND Summit"]
[Site "Liaocheng CHN"]
[Date "2017.03.08"]
[EventDate "2017.03.05"]
[Round "4.4"]
[Result "1/2-1/2"]
[White "Murali Karthikeyan"]
[Black "Bu Xiangzhi"]
[WhiteElo "2578"]
[BlackElo "2711"]
[PlyCount "110"]

1. e4 e5 2. Nf3 Nc6 3. Bb5 a6 4. Ba4 Nf6 5. O-O b5 6. Bb3 Bb7
7. Nc3 Be7 8. d3 d6 9. a4 b4 10. Ne2 Na5 11. Ba2 O-O 12. Ng3
c5 13. Nf5 Bc8 14. N3h4 Ne8 15. Nxe7+ Qxe7 16. Bd5 Qxh4
17. Bxa8 Nc7 18. Bd5 Nxd5 19. exd5 Qd4 20. Qf3 Bb7 21. c3 Qxd5
22. Qxd5 Bxd5 23. Be3 Nb3 24. Rad1 a5 25. f4 Bc6 26. fxe5 dxe5
27. d4 cxd4 28. cxd4 e4 29. Rf4 Re8 30. Rdf1 Re7 31. d5 Bxd5
32. Rd1 Re5 33. Rf2 Bc6 34. Rd8+ Re8 35. Rxe8+ Bxe8 36. Rf4
Bc6 37. Bb6 f6 38. Kf2 Kf7 39. Ke3 Ke6 40. g4 h6 41. h4 Kd6
42. Rf5 Bd7 43. Rf4 Bxa4 44. Rxe4 Bd7 45. Bd8 Be6 46. Kf4 Kd7
47. Bb6 g5+ 48. Kg3 Bd5 49. Re3 a4 50. Rxb3 Bxb3 51. Bc5 a3
52. bxa3 bxa3 53. Bxa3 gxh4+ 54. Kxh4 Ke6 55. Bc1 f5 1/2-1/2

[Event "CHN Team Men"]
[Site "Beijing CHN"]
[Date "2017.06.12"]
[EventDate "2017.06.06"]
[Round "7.1"]
[Result "1/2-1/2"]
[White "Yinglun Xu"]
[Black "Bu Xiangzhi"]
[WhiteElo "2536"]
[BlackElo "2712"]
[PlyCount "61"]

1. d4 d5 2. c4 c6 3. Nf3 Nf6 4. e3 Bf5 5. Nc3 e6 6. Nh4 Be4
7. f3 Bg6 8. g3 Nbd7 9. Be2 Be7 10. O-O O-O 11. Nxg6 hxg6
12. Qb3 Qb6 13. Bd2 dxc4 14. Bxc4 e5 15. d5 Bc5 16. Rfe1 e4
17. f4 Qxb3 18. Bxb3 cxd5 19. Nxd5 Nxd5 20. Bxd5 Nf6 21. Bb3
Rfd8 22. Rad1 Rd3 23. Bc2 Rd7 24. Bc1 Rc7 25. Bb1 Bb6 26. h3
Re8 27. Kf2 Nd7 28. Bd2 Bc5 29. Rc1 Nb6 30. Ba5 f5 31. b4
1/2-1/2

[Event "CHN Team Men"]
[Site "Beijing CHN"]
[Date "2017.06.13"]
[EventDate "2017.06.06"]
[Round "8.3"]
[Result "1/2-1/2"]
[White "Zhou Jianchao"]
[Black "Bu Xiangzhi"]
[WhiteElo "2595"]
[BlackElo "2712"]
[PlyCount "89"]

1. Nf3 d5 2. e3 Nf6 3. c4 e6 4. b3 Be7 5. Bb2 O-O 6. d4 b6
7. Nc3 Bb7 8. cxd5 exd5 9. Bd3 Nbd7 10. O-O a6 11. Ne2 Re8
12. Ng3 Ne4 13. Qc2 Bd6 14. a4 g6 15. Ba3 Bxa3 16. Rxa3 c5
17. dxc5 Ndxc5 18. b4 Nxd3 19. Rxd3 Rc8 20. Qb3 Qe7 21. Nd4
Rc4 22. Nxe4 dxe4 23. Qxc4 exd3 24. Qxd3 Qxb4 25. Qb3 Qc5
26. h4 Bd5 27. Qb2 Qe7 28. Ne2 Bc4 29. Rd1 Qxh4 30. Nc3 Qf6
31. Qb4 Qe6 32. Rd6 Qe5 33. Rxb6 Rc8 34. Qb2 Bd3 35. Ne2 Qxb2
36. Rxb2 Rc4 37. Nf4 Be4 38. f3 Bc6 39. Rb6 a5 40. Ra6 Rc1+
41. Kf2 Rc2+ 42. Kg1 Rc1+ 43. Kf2 Rc2+ 44. Kg1 Rc1+ 45. Kf2
1/2-1/2

[Event "Yinzhou Cup"]
[Site "Ningbo CHN"]
[Date "2018.06.27"]
[EventDate "2018.06.27"]
[Round "2.2"]
[Result "1/2-1/2"]
[White "Yu Yangyi"]
[Black "Bu Xiangzhi"]
[WhiteElo "2759"]
[BlackElo "2718"]
[PlyCount "67"]

1. e4 e5 2. Nf3 Nf6 3. Nxe5 d6 4. Nf3 Nxe4 5. Nc3 Nxc3 6. dxc3
Be7 7. Be3 Nc6 8. Bd3 Bg4 9. h3 Bh5 10. Qe2 Ne5 11. Be4 Nxf3+
12. Bxf3 Bxf3 13. Qxf3 c6 14. O-O-O O-O 15. h4 d5 16. Kb1 b5
17. g4 a5 18. h5 Re8 19. Rhe1 Bg5 20. Qg3 Bxe3 21. Rxe3 Rxe3
22. Qxe3 Qe8 23. Re1 Qxe3 24. Rxe3 Kf8 25. a4 bxa4 26. Ka2 Rb8
27. Ka3 h6 28. f3 Rb7 29. Re5 Rb5 30. Re2 Rb7 31. Re5 Rb5
32. Re2 Rb7 33. Re5 Rb5 34. Re2 1/2-1/2

[Event "Yinzhou Cup"]
[Site "Ningbo CHN"]
[Date "2018.06.27"]
[EventDate "2018.06.27"]
[Round "3.1"]
[Result "1/2-1/2"]
[White "Bu Xiangzhi"]
[Black "Li Chao"]
[WhiteElo "2718"]
[BlackElo "2725"]
[PlyCount "77"]

1. c4 g6 2. Nf3 Bg7 3. d4 Nf6 4. Nc3 d5 5. e3 O-O 6. Bd2 e6
7. Rc1 b6 8. cxd5 exd5 9. b4 c6 10. Be2 Bb7 11. O-O Nbd7
12. Qb3 Qe7 13. Rfd1 Rfd8 14. a4 Rab8 15. Be1 Ba8 16. h3 Bf8
17. Qa2 h5 18. Bf1 Qe8 19. Rb1 Bd6 20. g3 Qe7 21. Qb2 Ne4
22. b5 c5 23. dxc5 Ndxc5 24. Nxd5 Qe6 25. Nf4 Bxf4 26. gxf4
Nxa4 27. Qe5 Nec3 28. Bxc3 Nxc3 29. Qxc3 Bxf3 30. Rxd8+ Rxd8
31. Ra1 Rd7 32. e4 Rd1 33. Rxd1 Bxd1 34. Qc7 Bf3 35. e5 Qf5
36. Qxa7 Qxf4 37. Qxb6 Qg5+ 38. Kh2 Qxe5+ 39. Kg1 1/2-1/2

[Event "Yinzhou Cup"]
[Site "Ningbo CHN"]
[Date "2018.06.28"]
[EventDate "2018.06.27"]
[Round "5.2"]
[Result "1/2-1/2"]
[White "Bu Xiangzhi"]
[Black "Yu Yangyi"]
[WhiteElo "2718"]
[BlackElo "2759"]
[PlyCount "107"]

1. Nf3 d5 2. g3 c6 3. Bg2 Bg4 4. h3 Bh5 5. O-O Nd7 6. c4 e6
7. Qb3 Qb6 8. Qc2 dxc4 9. g4 Bg6 10. Qxc4 Bd6 11. Nc3 Ne7
12. d4 Qb4 13. Qxb4 Bxb4 14. a3 Bxc3 15. bxc3 Be4 16. Nd2 Bxg2
17. Kxg2 O-O 18. e4 c5 19. Nc4 cxd4 20. cxd4 Nb6 21. Nxb6 axb6
22. Rb1 Nc8 23. Rd1 Rd8 24. Bf4 Rxa3 25. d5 exd5 26. exd5 Rc3
27. d6 Rc4 28. Bg3 Rd7 29. Rdc1 b5 30. Rxc4 bxc4 31. Ra1 Nb6
32. Kf3 f6 33. Ke4 Kf7 34. Kd4 c3 35. Kc5 Nc8 36. Rc1 g5
37. Rxc3 Na7 38. Ra3 Nc6 39. f4 gxf4 40. Bxf4 Ke6 41. Ra8 Rd8
42. Rxd8 Nxd8 43. Kb6 Kd7 44. h4 Nf7 45. Kxb7 Nxd6+ 46. Kb6
Ne4 47. Kb5 Nf2 48. g5 Nh3 49. Bd2 fxg5 50. hxg5 Ke6 51. Kc4
Kf5 52. Kd3 Nxg5 53. Bxg5 Kxg5 54. Ke4 1/2-1/2

[Event "Yinzhou Cup"]
[Site "Ningbo CHN"]
[Date "2018.06.28"]
[EventDate "2018.06.27"]
[Round "6.1"]
[Result "1/2-1/2"]
[White "Li Chao"]
[Black "Bu Xiangzhi"]
[WhiteElo "2725"]
[BlackElo "2718"]
[PlyCount "83"]

1. e4 e5 2. Nf3 Nf6 3. Nxe5 d6 4. Nf3 Nxe4 5. d4 d5 6. Bd3 Be7
7. O-O Nc6 8. Nbd2 Bf5 9. Re1 Nxd2 10. Qxd2 Bxd3 11. Qxd3 O-O
12. c3 Qd7 13. Re2 a6 14. Bg5 Bd6 15. Rae1 Rfe8 16. Ne5 Nxe5
17. dxe5 Be7 18. Bxe7 Rxe7 19. f4 g6 20. Rd1 Rd8 21. Qf3 c6
22. h4 h5 23. f5 Qxf5 24. Qxf5 gxf5 25. Rf1 f6 26. Rxf5 Rxe5
27. Rexe5 fxe5 28. Rg5+ Kf7 29. Rxe5 d4 30. cxd4 Rxd4 31. Rxh5
Kg6 32. Rg5+ Kh6 33. Re5 Rxh4 34. Re7 Rb4 35. b3 a5 36. Kh2 a4
37. bxa4 Rxa4 38. Rxb7 Rxa2 39. Rc7 Rc2 40. Kh3 c5 41. Kh4
Rxg2 42. Rxc5 1/2-1/2

[Event "Hainan Danzhou GM"]
[Site "Danzhou CHN"]
[Date "2018.07.27"]
[EventDate "2018.07.27"]
[Round "1.2"]
[Result "1/2-1/2"]
[White "Bu Xiangzhi"]
[Black "Samuel Shankland"]
[WhiteElo "2712"]
[BlackElo "2727"]
[PlyCount "92"]

1. Nf3 d5 2. g3 g6 3. Bg2 Bg7 4. d4 Nf6 5. c4 dxc4 6. Qa4+
Nfd7 7. Nbd2 O-O 8. Nxc4 c5 9. dxc5 Nxc5 10. Qa3 Nba6 11. Bf4
Be6 12. Rc1 b5 13. Nce5 Rc8 14. O-O b4 15. Qe3 Bxa2 16. Ra1
Bd5 17. Rfd1 e6 18. Bh6 Qf6 19. Ng4 Qxb2 20. Nfe5 f5 21. Bxg7
Kxg7 22. Bxd5 exd5 23. Rxa6 Nxa6 24. Nd3 Qc3 25. Rc1 Qxc1+
26. Nxc1 fxg4 27. Nd3 h5 28. Qxa7+ Nc7 29. Nf4 Kh7 30. Qb7 b3
31. Qxb3 Rxf4 32. gxf4 Ne6 33. e3 Rc5 34. Qb6 Rc1+ 35. Kg2 Ng7
36. Qb7 d4 37. e4 Rc3 38. e5 d3 39. Qd7 Rc4 40. Qxd3 Rxf4
41. Qd5 Rf8 42. Qd7 Re8 43. Qc7 Kh6 44. Qc1+ Kh7 45. Qc7 Kh6
46. Qc1+ Kh7 1/2-1/2

[Event "World Team Chess Championship"]
[Site "Astana KAZ"]
[Date "2019.03.13"]
[EventDate "2019.03.05"]
[Round "8.2"]
[Result "1/2-1/2"]
[White "Gawain Jones"]
[Black "Bu Xiangzhi"]
[WhiteElo "2681"]
[BlackElo "2731"]
[PlyCount "62"]

1. e4 c5 2. Nf3 d6 3. Bb5+ Nc6 4. O-O Bd7 5. Re1 Nf6 6. c3 a6
7. Bf1 Bg4 8. h3 Bxf3 9. Qxf3 e6 10. d3 Be7 11. Nd2 O-O 12. g3
d5 13. Qe2 b5 14. Bg2 Rb8 15. Nf3 Qb6 16. exd5 Nxd5 17. Ng5
Bxg5 18. Bxg5 h6 19. Bh4 b4 20. Qg4 Kh8 21. Rac1 bxc3 22. bxc3
Nde7 23. d4 cxd4 24. cxd4 Nd5 25. Bxd5 exd5 26. Be7 Nxe7
27. Rxe7 Qf6 28. Re5 Rb2 29. Qf5 Qxf5 30. Rxf5 Rxa2 31. Rxd5
Rb2 1/2-1/2

[Event "Chinese League"]
[Site "Daqing CHN"]
[Date "2019.06.22"]
[EventDate "2019.06.19"]
[Round "4.2"]
[Result "1-0"]
[White "Bu Xiangzhi"]
[Black "Changren Dai"]
[WhiteElo "2729"]
[BlackElo "2480"]
[PlyCount "69"]

1. Nf3 Nf6 2. c4 e6 3. g3 d5 4. Bg2 dxc4 5. Qa4+ Bd7 6. Qxc4
c5 7. d4 Bc6 8. dxc5 Nbd7 9. Be3 Nd5 10. Bd4 Qa5+ 11. Nbd2
Bxc5 12. Bxg7 Rg8 13. Bc3 Nxc3 14. bxc3 Bd5 15. Qd3 O-O-O
16. O-O Qc7 17. c4 Bc6 18. Qc3 Rxg3 19. hxg3 Qxg3 20. e3 Qg6
21. Rfd1 Rg8 22. Nh4 Qg4 23. Kf1 Bxg2+ 24. Nxg2 Qxg2+ 25. Ke2
Qg4+ 26. Nf3 Rd8 27. Rg1 Qe4 28. Rad1 Bb6 29. Rg7 Rf8 30. Qd3
Qc6 31. Nd4 Qa4 32. Qb3 Qa5 33. Qb5 Qxa2+ 34. Rd2 Qa5 35. Nxe6
1-0

[Event "Yinzhou Cup"]
[Site "Ningbo CHN"]
[Date "2019.12.22"]
[EventDate "2019.12.22"]
[Round "1.2"]
[Result "1/2-1/2"]
[White "Bu Xiangzhi"]
[Black "Ding Liren"]
[WhiteElo "2705"]
[BlackElo "2801"]
[PlyCount "159"]

1. Nf3 Nf6 2. c4 e6 3. Nc3 d5 4. d4 Bb4 5. Bg5 h6 6. Bxf6 Qxf6
7. Qa4+ Nc6 8. e3 O-O 9. Be2 dxc4 10. O-O Bd7 11. Bxc4 Bxc3
12. bxc3 Rfd8 13. Qa3 Qe7 14. Qxe7 Nxe7 15. Rab1 b6 16. Ne5
Be8 17. e4 c5 18. dxc5 bxc5 19. Rfd1 Nc6 20. Nd3 Rac8 21. Ba6
Rc7 22. Nxc5 Rxd1+ 23. Rxd1 Kf8 24. Nb3 Nb8 25. Be2 Rxc3
26. f3 Ke7 27. Kf2 Ba4 28. Rc1 Rxc1 29. Nxc1 Nc6 30. Ke3 Kd6
31. Nd3 Bb5 32. e5+ Kd5 33. f4 Nd4 34. Bh5 g6 35. Bd1 Nf5+
36. Kd2 Kd4 37. Nc1 Bc4 38. Nb3+ Bxb3 39. Bxb3 g5 40. fxg5
hxg5 41. Ba4 Ne3 42. Ke2 Ng4 43. g3 Nxh2 44. Be8 Kxe5 45. Bxf7
Kf5 46. a4 Ng4 47. a5 Ne5 48. Be8 Kg4 49. Kf2 Nd3+ 50. Ke3 Nc5
51. Kf2 Ne4+ 52. Kg2 Kf5 53. a6 g4 54. Bb5 Ke5 55. Bc4 Kd6
56. Be2 Nf6 57. Kf2 Ke5 58. Ke3 Ne4 59. Bxg4 Nxg3 60. Kd3 Ne4
61. Kc4 Kd6 62. Be2 Nc5 63. Kd4 e5+ 64. Ke3 Kc6 65. Bf1 Kb6
66. Be2 Kc6 67. Bc4 Kd6 68. Kf3 Ke7 69. Ke3 Kf6 70. Kf3 Kf5
71. Ke3 e4 72. Kd4 Nd7 73. Bf1 Kf4 74. Kd5 Nb8 75. Kd6 e3
76. Kc7 Nxa6+ 77. Bxa6 Kf3 78. Kb7 e2 79. Bxe2+ Kxe2 80. Kxa7
1/2-1/2

[Event "Yinzhou Cup"]
[Site "Ningbo CHN"]
[Date "2019.12.22"]
[EventDate "2019.12.22"]
[Round "2.1"]
[Result "1/2-1/2"]
[White "Bu Xiangzhi"]
[Black "Yu Yangyi"]
[WhiteElo "2705"]
[BlackElo "2738"]
[PlyCount "70"]

1. Nf3 c5 2. c4 Nf6 3. Nc3 e6 4. g3 b6 5. Bg2 Bb7 6. O-O Be7
7. d4 cxd4 8. Qxd4 O-O 9. Rd1 d6 10. Bg5 Nbd7 11. Nb5 d5
12. cxd5 Bxd5 13. Nc3 Bc6 14. Ne5 Bxg2 15. Nxd7 Nxd7 16. Bxe7
Qxe7 17. Qxd7 Qxd7 18. Rxd7 Bc6 19. Rc7 Rfc8 20. Rxc8+ Rxc8
21. Rd1 Kf8 22. f3 Ke7 23. Kf2 Rd8 24. Rxd8 Kxd8 25. f4 f6
26. e4 e5 27. fxe5 fxe5 28. b4 Ke7 29. h4 h5 30. a3 g6 31. Kf3
Bd7 32. Ke3 Bc6 33. Kf3 Bd7 34. Ke3 Bc6 35. Kf3 Bd7 1/2-1/2

[Event "Yinzhou Cup"]
[Site "Ningbo CHN"]
[Date "2019.12.22"]
[EventDate "2019.12.22"]
[Round "4.2"]
[Result "1/2-1/2"]
[White "Ding Liren"]
[Black "Bu Xiangzhi"]
[WhiteElo "2801"]
[BlackElo "2705"]
[PlyCount "88"]

1. c4 c6 2. Nf3 d5 3. d4 Nf6 4. e3 Bf5 5. Nc3 e6 6. Nh4 Bg6
7. Be2 Nbd7 8. O-O Bd6 9. g3 O-O 10. Nxg6 hxg6 11. b3 Qe7
12. Rb1 a6 13. Bf3 Rfd8 14. Bg2 Bb4 15. Bb2 Rac8 16. Ne2 e5
17. cxd5 Nxd5 18. Qc2 Ba3 19. Bxa3 Qxa3 20. Rfd1 Qe7 21. Rbc1
N5f6 22. b4 e4 23. a4 Nb6 24. Qc5 Qc7 25. Nc3 Re8 26. h4 Nbd5
27. Nxd5 Nxd5 28. b5 axb5 29. axb5 Qd7 30. bxc6 Rxc6 31. Qa5
f5 32. Bf1 Rxc1 33. Rxc1 Kh7 34. Bb5 Qd8 35. Qxd8 Rxd8 36. Rc5
Rd6 37. Bc4 Nf6 38. Rb5 Rc6 39. Rb4 Kh6 40. Be2 Rc2 41. Kf1
Rc1+ 42. Kg2 Rc2 43. Kf1 Rc1+ 44. Kg2 Rc2 1/2-1/2

[Event "Yinzhou Cup"]
[Site "Ningbo CHN"]
[Date "2019.12.23"]
[EventDate "2019.12.22"]
[Round "6.3"]
[Result "1/2-1/2"]
[White "Yu Yangyi"]
[Black "Bu Xiangzhi"]
[WhiteElo "2738"]
[BlackElo "2705"]
[PlyCount "91"]

1. e4 e5 2. Nf3 Nf6 3. Nxe5 d6 4. Nf3 Nxe4 5. d4 d5 6. Bd3 Be7
7. O-O Nc6 8. Nbd2 Nxd2 9. Bxd2 Bg4 10. c3 O-O 11. h3 Bh5
12. g3 Qd7 13. Kg2 a6 14. Ne5 Bxd1 15. Nxd7 Rfd8 16. Raxd1
Rxd7 17. f4 Na5 18. Rfe1 g6 19. b3 b5 20. Re2 Nb7 21. Rde1 Bf8
22. f5 Nd6 23. g4 Rdd8 24. h4 Re8 25. Kf3 Rxe2 26. Rxe2 Rc8
27. f6 h6 28. Bf4 Rd8 29. Re1 Ne8 30. g5 h5 31. a4 c6 32. Ra1
Rc8 33. axb5 cxb5 34. Rxa6 Rxc3 35. Ke2 Nc7 36. Rb6 Ne6
37. Rxe6 fxe6 38. Bxg6 Rh3 39. Be5 Bb4 40. Bxh5 Rxh4 41. Be8
Kf8 42. Bd7 Rg4 43. Bxe6 Rxg5 44. Bxd5 Rxe5+ 45. dxe5 Bc3
46. Kd3 1/2-1/2

[Event "Yinzhou Cup Men (Tiebreaks)"]
[Site "Ningbo CHN"]
[Date "2019.12.23"]
[EventDate "2019.12.23"]
[Round "1"]
[Result "1/2-1/2"]
[White "Ding Liren"]
[Black "Bu Xiangzhi"]
[WhiteElo "2801"]
[BlackElo "2705"]
[PlyCount "130"]

1. c4 c6 2. d4 d5 3. Nf3 Nf6 4. Nc3 dxc4 5. a4 Bf5 6. Ne5 Nbd7
7. Nxc4 Nb6 8. Ne5 a5 9. f3 Nfd7 10. Nxd7 Nxd7 11. e4 Bg6
12. Be2 e6 13. Be3 Bb4 14. O-O O-O 15. Qb3 Qb6 16. Bf2 e5
17. dxe5 Qc7 18. f4 Bxc3 19. bxc3 Bxe4 20. Rad1 Bd5 21. c4 Be6
22. Rd6 b5 23. axb5 cxb5 24. Qxb5 Rfb8 25. Qa4 Nc5 26. Qc2 a4
27. f5 Bd7 28. Bf3 Ra5 29. Bd5 Be8 30. f6 Nd7 31. fxg7 Nxe5
32. Rh6 Ng6 33. Rxg6 hxg6 34. Qxg6 Qe5 35. Qh6 Qxg7 36. Qh4
Rxd5 37. cxd5 f6 38. Bd4 Qg5 39. Qe4 Bg6 40. Qe7 Re8 41. Qxf6
Qxf6 42. Rxf6 Be4 43. d6 Bc6 44. Kf2 Re4 45. Bc5 Rc4 46. Rf5
Rc2+ 47. Ke3 Rxg2 48. Rf8+ Kg7 49. Rc8 Bb5 50. Rb8 Bc6 51. Rc8
Bb5 52. Rb8 Bc6 53. Rb6 Be8 54. Rb8 Kf7 55. Rb7+ Kf6 56. h4
Rh2 57. Re7 Bc6 58. Bd4+ Kf5 59. Rc7 Be8 60. Rc8 Bd7 61. Rc7
Ke6 62. Bc5 Rxh4 63. Kd3 Rh3+ 64. Kc4 a3 65. Bxa3 Rxa3 1/2-1/2

[Event "FIDE Online Steinitz Memorial"]
[Site "chess24.com INT"]
[Date "2020.05.15"]
[EventDate "2020.05.15"]
[Round "1"]
[Result "1/2-1/2"]
[White "Bu Xiangzhi"]
[Black "Shakhriyar Mamedyarov"]
[WhiteElo "2705"]
[BlackElo "2764"]
[PlyCount "68"]

1. Nf3 d5 2. d4 Nf6 3. c4 dxc4 4. e3 e6 5. Bxc4 c5 6. O-O a6
7. dxc5 Bxc5 8. Qxd8+ Kxd8 9. Rd1+ Ke7 10. Be2 Nbd7 11. Nbd2
Rd8 12. Nb3 Bd6 13. Nfd2 Kf8 14. Nc4 Be7 15. Nd6 Ne5 16. Nxc8
Rxd1+ 17. Bxd1 Rxc8 18. Be2 Ne4 19. f3 Nc5 20. Nxc5 Rxc5
21. Kf1 Ke8 22. e4 g5 23. Bd2 Nc4 24. Bc3 Rc6 25. Bxc4 Rxc4
26. Ke2 f5 27. exf5 exf5 28. Kd3 Rc6 29. Re1 Kd7 30. Re5 f4
31. Rf5 Ke6 32. Re5+ Kd7 33. Rd5+ Ke6 34. Re5+ Kd7 1/2-1/2

[Event "FIDE Online Steinitz Memorial"]
[Site "chess24.com INT"]
[Date "2020.05.15"]
[EventDate "2020.05.15"]
[Round "2"]
[Result "0-1"]
[White "Anton Korobov"]
[Black "Bu Xiangzhi"]
[WhiteElo "2688"]
[BlackElo "2705"]
[PlyCount "64"]

1. d4 d5 2. c4 c6 3. Nf3 Nf6 4. e3 Bf5 5. Nc3 e6 6. Nh4 Bg6
7. Nxg6 hxg6 8. Bd2 Nbd7 9. g3 Bd6 10. Qb3 Rb8 11. Bg2 O-O
12. O-O dxc4 13. Qxc4 e5 14. Rad1 Nb6 15. Qb3 exd4 16. exd4
Qd7 17. Bg5 Rfe8 18. Bxf6 gxf6 19. d5 c5 20. Ne4 Kg7 21. Qc3
Be5 22. Qxc5 Na4 23. Qb4 f5 24. Ng5 b5 25. b3 Nc3 26. Rd2 Qd6
27. Qa5 Bf6 28. h4 Re7 29. Nf3 b4 30. a4 Rb6 31. Nd4 Bxd4
32. Rxd4 Ne2+ 0-1

[Event "FIDE Online Steinitz Memorial"]
[Site "chess24.com INT"]
[Date "2020.05.15"]
[EventDate "2020.05.15"]
[Round "3"]
[Result "1/2-1/2"]
[White "Bu Xiangzhi"]
[Black "David Anton Guijarro"]
[WhiteElo "2705"]
[BlackElo "2703"]
[PlyCount "69"]

1. Nf3 d5 2. d4 Nf6 3. c4 dxc4 4. e3 e6 5. Bxc4 a6 6. O-O c5
7. dxc5 Bxc5 8. Qxd8+ Kxd8 9. Nbd2 Ke7 10. Be2 Nc6 11. Nb3 Bd6
12. Nfd2 Bc7 13. a4 Rd8 14. Nc4 b6 15. Bf3 Bb7 16. Bd2 Rab8
17. Rfc1 Nd5 18. e4 Ndb4 19. Be3 Nd3 20. Rc3 b5 21. axb5 axb5
22. Nca5 Bxa5 23. Nxa5 Nxa5 24. Rxa5 b4 25. Rc7+ Rd7 26. Rxd7+
Kxd7 27. b3 Ra8 28. Rxa8 Bxa8 29. Kf1 Ne5 30. Bc5 Nxf3
31. gxf3 f5 32. Bxb4 fxe4 33. fxe4 Bxe4 34. Bc3 g6 35. Ke2
1/2-1/2